Edmund Nuttall Ltd v R G Carter Ltd (Record no. 70425)

MARC details
000 -LEADER
fixed length control field 01253cam a2200193 4500
001 - CONTROL NUMBER
control field ABS65503
008 - FIXED-LENGTH DATA ELEMENTS--GENERAL INFORMATION
fixed length control field 020507n2002 000 0 eng u
035 ## - SYSTEM CONTROL NUMBER
System control number (Sirsi) u118294
245 ## - TITLE STATEMENT
Title Edmund Nuttall Ltd v R G Carter Ltd
260 ## - PUBLICATION, DISTRIBUTION, ETC.
Date of publication, distribution, etc. 2002
490 ## - SERIES STATEMENT
Series statement Construction Industry Law Letter
Volume/sequential designation [2002] CILL 1853-1857(5)
520 ## - SUMMARY, ETC.
Summary, etc. TCC 21 March 2002. C refused to comply with an adjudicator's decision in favour of N in proceedings for an extension of time and loss and expense on the grounds that there were significant differences from the original claim in the factual justification for and quantification of loss and expense in the expert's report accompanying the referral notice and that this was effectively a different claim. The judge ruled in favour of C stating that a party must submit to adjudication the facts and arguments previously rehearsed between the party.
590 ## - LOCAL NOTE (RLIN)
Local note ABS
650 ## - SUBJECT ADDED ENTRY--TOPICAL TERM
Topical term or geographic name entry element EDMUND NUTTALL LTD V R G CARTER LTD
650 ## - SUBJECT ADDED ENTRY--TOPICAL TERM
Topical term or geographic name entry element EXTENSIONS OF TIME
650 ## - SUBJECT ADDED ENTRY--TOPICAL TERM
Topical term or geographic name entry element MANAGEMENT-DISPUTE AVOIDANCE, MANAGEMENT AND RESOLUTION-DISPUTE MANAGEMENT AND RESOLUTION-ALTERNATIVE DISPUTE RESOLUTION-ADJUDICATION
690 ## - LOCAL SUBJECT ADDED ENTRY--TOPICAL TERM (OCLC, RLIN)
Topical term or geographic name as entry element MANGEMENT-DISPUTE AVOIDANCE, MANAGEMENT AND RESOLUTION-DISPUTE MANAGEMENT AND RESOLUTION
942 ## - ADDED ENTRY ELEMENTS (KOHA)
Suppress in OPAC 0
Holdings
Withdrawn status Lost status Source of classification or shelving scheme Damaged status Not for loan Home library Current library Shelving location Date acquired Total Checkouts Full call number Barcode Date last seen Copy number Price effective from Koha item type
    Dewey Decimal Classification     London London Journal article 06/06/2002   ABS65503 118294-1001 06/08/2019 1 06/08/2019 Law report